000 02365nam0a2200421 4500
001 RU\NLR\bibl\1430160
005 20260406140155.0
010 _a5-9423-005-1
_9500
035 _a(NLR Aleph) 001422072
090 _a1349022
_c1349022
100 _a20090831d2007 |||y0rusy50 ca
101 0 _arus
102 _aRU
105 _aa |||||||||
200 1 _aМой Крым
_eвоспоминания
_eочерки об Александре Пушкине, Иване Айвазовском, Максимилиане Волошине
_fИгорь Григорьев
_gсост. Дмитрия Лосева
_gпредисл. Игоря Татаринцева
210 _aМосква
_aФеодосия
_cКоктебель
_d2007
215 _a46, [1] с.
_cил.
_d20
225 1 _aБиблиотека альманаха "Крымский альбом"
_vВып. 10
320 _aБиблиогр.: с. 42-46
600 1 _aВолошин
_bМ. А.
_f1877 - 1932
_gМаксимилиан Александрович
_xПамятные места
_yКрым
_92574544
_3RU\NLR\auth\661522305
600 1 _aАйвазовский
_bИ.К.
_f1817 - 1900
_gИван Константинович
_xПамятные места
_yКрым
_92574821
_3RU\NLR\auth\661522454
606 1 _aПушкинские места
_yКрым
_91526564
_3RU\NLR\auth\66664288
686 _aШ6(2=Р)75-464.1
686 _aШ5(2=Р)51-4Пушкин28
686 _aШ5(2=Р)7-4Волошин
686 _aЩ143(2Р=Рус)52-8Айвазовский
700 1 _4070
_7ca
_8rus
_aГригорьев
_bИ. К.
_cбиблиофил, инженер-стандартизатор
_f1921-2014
_gИгорь Кузьмич
_960731
_3RU\NLR\AUTH\7777803
702 1 _4570
_7ca
_8rus
_aПушкин
_bА. С.
_cпоэт
_f1799-1837
_gАлександр Сергеевич
_9110441
_3RU\NLR\auth\77386
702 1 _4570
_7ca
_8rus
_aАйвазовский
_bИ. К.
_cхудожник
_f1817-1900
_gИван Константинович
_927996
_3RU\NLR\auth\7745057
702 1 _4570
_7ca
_8rus
_aВолошин
_bМ. А.
_f1877-1932
_gМаксимилиан Александрович
_9112890
_3RU\NLR\auth\772883
801 0 _aRU
_bNLR
_c20090831
_gRCR
801 1 _aRU
_bNLR
_c20090831
942 _cBOOK
980 _aNB